| 000 | 00000nas 2200000za 4500 |
| 001 | 9.826728 |
| 003 | CaOODSP |
| 005 | 20221107144640 |
| 007 | cr ||||||||||| |
| 008 | 161101d19361959oncar p oss f0###a0eng|d |
| 040 | |aCaOODSP|beng |
| 043 | |an-cn--- |
| 086 | 1 |aCS41-208E-PDF |
| 245 | 04|aThe hardware, tools and cutlery industry |h[electronic resource]. |
| 246 | 1 |iAt head of caption title:|aIron and steel and their products group|f1936-1948 |
| 260 | |aOttawa : |bDominion Bureau of Statistics, Mining, Metallurgical & Chemical Branch, |c[1938]-1961. |
| 310 | |aAnnual |
| 362 | 0 |a1936-1959. |
| 490 | 0 |aAnnual industry report |
| 490 | 0 |aCensus of Industry |
| 500 | |aDigitized edition from print [produced by Statistics Canada]. |
| 515 | |aIssues for 1949-1950, 1954-1957 called v. 2, pt. 12-E-1; 1951-1953 called v. 2, pt. 10-E-1. |
| 515 | |aIssues for 1933-1935 not published. |
| 520 | |aPrincipal statistics of the hardware and tools industry in Canada, including number of plants, operating costs, number of employees, salaries, cost of materials, and value of products. |
| 550 | |aIssued 1944-1946 by Mining, Metallurgical & Chemical Statistics; 1947-1956 by Metal and Chemical Products Section; 1957-1959 by Industry and Merchandising Division. |
| 692 | 07|2gccst|aManufacturing industry |
| 692 | 07|2gccst|aStatistics |
| 710 | 1 |aCanada. |bDominion Bureau of Statistics. |bMining, Metallurgical and Chemical Branch. |
| 710 | 1 |aCanada. |bDominion Bureau of Statistics. |bIndustry and Merchandising Division. |
| 710 | 1 |aCanada. |bDominion Bureau of Statistics. |bMining, Metallurgical and Chemical Section. |
| 710 | 1 |aCanada. |bDominion Bureau of Statistics. |bMetal and Chemical Products Section. |
| 780 | 00|tThe hardware and tools industry in Canada |w(CaOODSP)9.826725 |
| 785 | 00|tHardware, tool and cutlery manufacturers |w(CaOODSP)9.826729 |